Overview of the perception and attitude toward the competition of four-star hotels in Budapest through an example of Mamaison Hotel Andrassy

Bibliográfiai részletek
Szerző: Dunai Fruzsina
További közreműködők: Juhász Dr. László
Dokumentumtípus: Diplomadolgozat
Kulcsszavak:Competition
four-star hotels
Mamaison
Mamaison Hotel Andrassy
Budapest
Online Access:http://dolgozattar.uni-bge.hu/4231

MARC

LEADER 00000nta a2200000 i 4500
001 dolg4231
005 20160302121400.0
008 151210suuuu hu om 000 eng d
040 |a BGE Dolgozattár Repozitórium  |b hun 
041 |a en 
100 1 |a Dunai Fruzsina 
245 1 0 |a Overview of the perception and attitude toward the competition of four-star hotels in Budapest through an example of Mamaison Hotel Andrassy  |c Dunai Fruzsina  |h [elektronikus dokumentum] 
695 |a Competition 
695 |a four-star hotels 
695 |a Mamaison 
695 |a Mamaison Hotel Andrassy 
695 |a Budapest 
700 1 |a Juhász Dr. László  |e ths 
856 4 0 |u http://dolgozattar.uni-bge.hu/4231/7/Dunai%20Fruzsina%20ATP6LD%20.pdf  |z Dokumentum-elérés